Statistics for Flags of the British Crown (Commonwealth, Crown Dependencies, British Overseas Territories)

Click here to take the quiz!

General Stats

  • This quiz has been taken 228 times
  • The average score is 22 of 37

Answer Stats

Hint% Correct
New Zealand
90%
Isle of Man
87%
Jamaica
86%
Australia
85%
Barbados
85%
Gibraltar
84%
United Kingdom
81%
Saint Lucia
81%
Canada
77%
Belize
77%
Bahamas
75%
Tuvalu
72%
Papua New Guinea
72%
Antigua and Barbuda
72%
Grenada
67%
Saint Kitts and Nevis
67%
Saint Vincent and the Grenadines
66%
Guernsey
61%
Bermuda
61%
Solomon Islands
59%
Falkland Islands
58%
Jersey
58%
British Virgin Islands
55%
Saint Helena
51%
Montserrat
50%
Anguilla
47%
British Antarctic Territory
47%
Cayman Islands
46%
Pitcairn Islands
45%
South Georgia and the South Sandwich Islands
38%
Turks and Caicos Islands
38%
British Indian Ocean Territory
37%
Tristan de Cunha
34%
Sark
25%
Ascension Island
23%
Alderney
21%
Akrotiri and Dhekelia
10%

Score Distribution

Percentile by Number Answered

Percent of People with Each Score

Your Score History

You have not taken this quiz